000
00304nam a2200121 a 4500
005
20140414132114.0
008
110824s19uu xx 00 eng d
050
_a
ER
_b
W668 1993
100
_a
De La Touche, Grace
245
_a
The wild Swans.
260
_a
London :
_b
Grandreams,
_c
1993.
999
_c
114868
_d
114868